| 000 | nam a22 7a 4500 | ||
|---|---|---|---|
| 999 |
_c329854 _d329854 |
||
| 003 | NUST | ||
| 005 | 20170524165453.0 | ||
| 008 | 170524b xxu||||| |||| 00| 0 eng d | ||
| 040 |
_aDLC _bDLC _cRCMS |
||
| 082 | _a006.722 QUR | ||
| 100 |
_aQurat -ul - Ain _91394 |
||
| 245 |
_aGenome Wide Association Studies for Identification of Candidate Risk Factors for Juvenile Onset of Demodicosis Disease _cQurat -ul-Ain |
||
| 260 |
_aRCMS NUST Islamabad _bRCMS NUST _cc2016 |
||
| 300 |
_a75,p: _bill: _c30,cm. |
||
| 538 | _iShelf No 7 Row No 3 | ||
| 650 |
_aComputational Sciences & Engineering _91391 |
||
| 942 |
_2ddc _cTHE |
||